<?xml version="1.0" encoding="UTF-8"?>
<record
    xmlns:xsi="http://www.w3.org/2001/XMLSchema-instance"
    xsi:schemaLocation="http://www.loc.gov/MARC21/slim http://www.loc.gov/standards/marcxml/schema/MARC21slim.xsd"
    xmlns="http://www.loc.gov/MARC21/slim">

  <leader>00869nam a22002297a 4500</leader>
  <controlfield tag="001">6972</controlfield>
  <controlfield tag="003">FISKH</controlfield>
  <controlfield tag="005">20250612113307.0</controlfield>
  <controlfield tag="008">250612b        cb ||||| |||| 00| 0 eng d</controlfield>
  <datafield tag="020" ind1=" " ind2=" ">
    <subfield code="a">9780778743002</subfield>
  </datafield>
  <datafield tag="040" ind1=" " ind2=" ">
    <subfield code="a">FISKH</subfield>
    <subfield code="b">eng</subfield>
    <subfield code="c">FISKH</subfield>
    <subfield code="d">FISKH</subfield>
  </datafield>
  <datafield tag="050" ind1=" " ind2=" ">
    <subfield code="a">BL1239.D58 T67</subfield>
  </datafield>
  <datafield tag="082" ind1=" " ind2=" ">
    <subfield code="a">294.5 </subfield>
  </datafield>
  <datafield tag="100" ind1=" " ind2=" ">
    <subfield code="a">Torpie, Kate </subfield>
  </datafield>
  <datafield tag="245" ind1=" " ind2=" ">
    <subfield code="a">Diwali : </subfield>
    <subfield code="b">Celebrations in my worlds /</subfield>
  </datafield>
  <datafield tag="260" ind1=" " ind2=" ">
    <subfield code="a">New York : </subfield>
    <subfield code="b">Crabtree Publishing, </subfield>
    <subfield code="c">2009. </subfield>
  </datafield>
  <datafield tag="300" ind1=" " ind2=" ">
    <subfield code="a">32 pages :  </subfield>
    <subfield code="b">color illustrations ;</subfield>
    <subfield code="c">28 cm </subfield>
  </datafield>
  <datafield tag="520" ind1=" " ind2=" ">
    <subfield code="a">The 'festival of lights' is one of the most popular festivals in the Hindu calendar. Like most Hindu festivals, Diwali celebrates the triumph of good over evil. According to one legend Diwali is observed to mark the return of Lord Rama to his homeland.</subfield>
  </datafield>
  <datafield tag="650" ind1=" " ind2=" ">
    <subfield code="a">Multicultural </subfield>
    <subfield code="v">Picture</subfield>
    <subfield code="x">Non-fiction </subfield>
  </datafield>
  <datafield tag="942" ind1=" " ind2=" ">
    <subfield code="2">ddc</subfield>
    <subfield code="c">BK</subfield>
    <subfield code="n">0</subfield>
  </datafield>
  <datafield tag="999" ind1=" " ind2=" ">
    <subfield code="c">6972</subfield>
    <subfield code="d">6972</subfield>
  </datafield>
  <datafield tag="952" ind1=" " ind2=" ">
    <subfield code="0">0</subfield>
    <subfield code="1">0</subfield>
    <subfield code="2">ddc</subfield>
    <subfield code="4">0</subfield>
    <subfield code="7">0</subfield>
    <subfield code="8">NFIC</subfield>
    <subfield code="a">001</subfield>
    <subfield code="b">001</subfield>
    <subfield code="c">ATKSNF</subfield>
    <subfield code="d">2025-06-12</subfield>
    <subfield code="l">0</subfield>
    <subfield code="o">TOR 294.5 BL1239.D58 T67 </subfield>
    <subfield code="p">FISTK00998</subfield>
    <subfield code="r">2025-06-12 11:33:05</subfield>
    <subfield code="t">1</subfield>
    <subfield code="w">2025-06-12</subfield>
    <subfield code="y">BK</subfield>
  </datafield>
</record>
